| 000 | 00983nam a2200313 a 4500 | ||
|---|---|---|---|
| 001 | 0000426 | ||
| 003 | DO-SdBPM | ||
| 005 | 20251120124822.0 | ||
| 007 | ta | ||
| 008 | 091125s1990 sp a 000 0 spa d | ||
| 020 | _a8437237297 | ||
| 040 |
_aDO-SdBPM _bspa _cBPMSU _erda |
||
| 082 | 4 |
_a557 _bB988p 1990 _222 |
|
| 100 | 1 |
_aParker, Steve _d1959- _eautor _4aut. |
|
| 245 | 1 | 4 |
_aLos peces / _cSteve Parker ; traducción Beatriz Morla |
| 264 |
_aMadrid : _bBiblioteca Visual Altea, _c1990. |
||
| 300 |
_a63 páginas : _bilustraciones ; _c29 cm. |
||
| 336 |
_atexto _btxt _2rdacontent |
||
| 337 |
_asin mediación _bn _2rdamedia |
||
| 338 |
_avolumen _bnc _2rdacarrier |
||
| 490 | 0 | _aBiblioteca visual Altea | |
| 534 |
_pTítulo original. _t Eyweitness encyclopedia |
||
| 590 | _aInventariado, 25025VM | ||
| 650 | 7 | _aPeces | |
| 650 | 7 | _aFisiología de peces. | |
| 700 | 1 |
_aMorla, Beatriz, _etraductora |
|
| 910 | _a VMateo V. Control de calidad. BPMSU | ||
| 942 |
_2ddc _cBK |
||
| 999 |
_c10441 _d10441 |
||